[Event "Florianopolis op 6th"]
[Site "Florianopolis"]
[Date "2020.01.21"]
[Round "2"]
[White "Lanznaster, Joao Vitor"]
[Black "Frattini, Beatriz Maria"]
[Result "0-1"]
[WhiteElo "1270"]
[BlackElo "1809"]
[PlyCount "60"]
[EventDate "2020.01.20"]
[EventType "swiss"]
[EventRounds "10"]
[EventCountry "BRA"]
[SourceTitle "CBM 194 Extra"]
[Source "ChessBase"]
[SourceDate "2020.03.31"]
[SourceVersion "1"]
[SourceVersionDate "2020.03.31"]
[SourceQuality "1"]

1. e4 c5 2. Nf3 d6 3. d4 cxd4 4. Nxd4 Nf6 5. Nc3 a6 6. Be3 e5 7. Nb3 Be7 8. Bd3 Be6 9. 0-0 b5 10. a3 Nbd7 11. Qd2 Ng4 12. h3 Nxe3 13. Qxe3 0-0 14. Qe2 Nc5 15. Nxc5 dxc5 16. b3 Qd4 17. Qd2 c4 18. Ne2 Qd7 19. bxc4 bxc4 20. Rad1 cxd3 21. Qc3 dxe2 22. Rxd7 exf1Q+ 23. Kxf1 Bxd7 24. Qxe5 Bb5+ 25. Kg1 Bxa3 26. Qc3 Be7 27. Qe5 Rfe8 28. Qd5 Red8 29. Qb7 Bc5 30. g3 Ra7 0-1

[Event "BRA-ch Regional Sul"]
[Site "Lages"]
[Date "2019.10.18"]
[Round "2"]
[White "Lanznaster, Joao Vitor"]
[Black "Santana Freitas, Maria Eduarda"]
[Result "1/2-1/2"]
[WhiteElo "1219"]
[BlackElo "1442"]
[PlyCount "113"]
[EventDate "2019.10.18"]
[EventType "swiss"]
[EventRounds "5"]
[EventCountry "BRA"]
[SourceTitle "CBM 195 Extra"]
[Source "ChessBase"]
[SourceDate "2020.05.31"]
[SourceVersion "1"]
[SourceVersionDate "2020.05.31"]
[SourceQuality "1"]

1. e4 c5 2. Nf3 d6 3. d4 cxd4 4. Nxd4 Nf6 5. Nc3 g6 6. Be2 Bg7 7. Be3 Nc6 8. Nb3 Bd7 9. 0-0 0-0 10. f4 a6 11. a4 Rc8 12. Bf3 Be6 13. g4 Bc4 14. Rf2 b5 15. axb5 axb5 16. g5 Nd7 17. Nd4 b4 18. Na4 Nc5 19. Nxc6 Rxc6 20. e5 Rc8 21. Bxc5 dxc5 22. Qxd8 Rfxd8 23. Nb6 Rb8 24. Nxc4 Rd4 25. Be2 f6 26. Na5 Ra8 27. gxf6 exf6 28. exf6 Bxf6 29. Nb3 Rxa1+ 30. Nxa1 Re4 31. Bd3 Re8 32. Nb3 Bxb2 33. Nxc5 Bd4 34. Ne4 Bxf2+ 35. Kxf2 Rb8 36. Kg3 b3 37. Bc4+ Kg7 38. Bxb3 Rb4 39. Bd5 Rd4 40. c4 Rd3+ 41. Kh4 h5 42. Be6 Rf3 43. Kg5 Re3 44. Nc5 Re2 45. h3 Rg2+ 46. Kh4 Kf6 47. Bd7 Rc2 48. Ne4+ Ke7 49. Bb5 Re2 50. Ng3 Re3 51. f5 g5+ 52. Kxg5 Rxg3+ 53. Kxh5 Rxh3+ 54. Kg4 Rh8 55. Kg5 Rg8+ 56. Kf4 Kf6 57. Bd7 1/2-1/2

[Event "Florianopolis Winter op 5th"]
[Site "Florianopolis"]
[Date "2019.08.31"]
[Round "4"]
[White "Dias Filho, Pedro Stein"]
[Black "Lanznaster, Joao Vitor"]
[Result "0-1"]
[WhiteElo "1489"]
[BlackElo "1195"]
[PlyCount "77"]
[EventDate "2019.08.30"]
[EventType "swiss"]
[EventRounds "7"]
[EventCountry "BRA"]
[SourceTitle "EXT 2020"]
[Source "ChessBase"]
[SourceDate "2019.10.17"]
[SourceVersion "1"]
[SourceVersionDate "2019.10.17"]
[SourceQuality "1"]

1. e4 c5 2. Nf3 d6 3. d4 cxd4 4. Nxd4 Nf6 5. Nc3 a6 6. Be2 e5 7. Nb3 Be6 8. 0-0 Be7 9. Kh1 Nbd7 10. f4 Qc7 11. Nd2 exf4 12. Rxf4 0-0 13. Nf3 Rfc8 14. Bd3 Nh5 15. Nd5 Bxd5 16. exd5 Nxf4 17. Bxf4 Bf6 18. Ng5 h6 19. Qh5 hxg5 20. Qh7+ Kf8 21. Re1 Ne5 22. Bd2 Ke7 23. Qf5 Qd7 24. Qe4 Rh8 25. c4 Rhc8 26. Be2 Kf8 27. Qh7 g6 28. Qh6+ Bg7 29. Qxg5 Qf5 30. Qe3 Re8 31. Rg1 Ng4 32. Qb6 Qd7 33. Bb4 Rxe2 34. Bxd6+ Kg8 35. c5 Rc8 36. Qb3 Rxb2 37. Qg3 Qb5 38. Qf3 Rb1 39. Rd1 0-1

[Event "Santa Catarina State-ch 63rd"]
[Site "Timbo"]
[Date "2019.06.09"]
[Round "5"]
[White "Lanznaster, Joao Vitor"]
[Black "Niehues, Luiz Cesar"]
[Result "0-1"]
[WhiteElo "1222"]
[BlackElo "1545"]
[PlyCount "40"]
[EventDate "2019.06.07"]
[EventType "swiss"]
[EventRounds "6"]
[EventCountry "BRA"]
[SourceTitle "EXT 2020"]
[Source "ChessBase"]
[SourceDate "2019.10.17"]
[SourceVersion "1"]
[SourceVersionDate "2019.10.17"]
[SourceQuality "1"]

1. e4 e5 2. Nf3 Nc6 3. Bc4 Nf6 4. Nc3 Bc5 5. d3 d6 6. h3 Be6 7. Bb3 h6 8. 0-0 Qd7 9. Bxe6 fxe6 10. Qe2 0-0-0 11. Be3 Nd4 12. Bxd4 exd4 13. Nb1 e5 14. Nbd2 g5 15. Nh2 h5 16. g4 hxg4 17. Nxg4 Nh5 18. Kh2 Nf4 19. Qe1 Rxh3+ 20. Kg1 Qxg4# 0-1

[Event "BRA-ch U12"]
[Site "Florianopolis"]
[Date "2019.04.20"]
[Round "4"]
[White "Haraguchi, Diego Sashaki"]
[Black "Lanznaster, Joao Vitor"]
[Result "1-0"]
[WhiteElo "1472"]
[BlackElo "1239"]
[PlyCount "57"]
[EventDate "2019.04.18"]
[EventType "swiss"]
[EventRounds "6"]
[EventCountry "BRA"]
[SourceTitle "CBM 190 Extra"]
[Source "ChessBase"]
[SourceDate "2019.07.15"]
[SourceVersion "1"]
[SourceVersionDate "2019.07.15"]
[SourceQuality "1"]

1. d4 d5 2. c4 e6 3. Nc3 Nf6 4. Bg5 Be7 5. Nf3 h6 6. Bh4 0-0 7. e3 b6 8. Bd3 Bb7 9. 0-0 Nbd7 10. cxd5 exd5 11. Rc1 Re8 12. Qd2 a6 13. a4 Kh8 14. Ne2 a5 15. Rc2 Rc8 16. Bxf6 Nxf6 17. Ne5 Kg8 18. Bf5 Rb8 19. Nd3 Bc8 20. Bxc8 Rxc8 21. Ng3 Qd7 22. Ne5 Qxa4 23. Rfc1 Bd6 24. Nc6 Ra8 25. Qd3 g6 26. Ne2 Bb4 27. Nf4 Kg7 28. Ne5 g5 29. Rxc7 1-0

[Event "Florianopolis op 5th"]
[Site "Florianopolis"]
[Date "2019.01.21"]
[Round "1"]
[White "Lanznaster, Joao Vitor"]
[Black "De Oliveira, Guilherme Alfredo B"]
[Result "0-1"]
[WhiteElo "1180"]
[BlackElo "1893"]
[PlyCount "70"]
[EventDate "2019.01.21"]
[EventType "swiss"]
[EventRounds "10"]
[EventCountry "BRA"]
[SourceTitle "CBM 188 Extra"]
[Source "ChessBase"]
[SourceDate "2019.02.26"]
[SourceVersion "1"]
[SourceVersionDate "2019.02.26"]
[SourceQuality "1"]

1. e4 d6 2. Nf3 g6 3. Bc4 Bg7 4. d4 Nf6 5. e5 dxe5 6. Nxe5 0-0 7. c3 c5 8. dxc5 Qxd1+ 9. Kxd1 Ne4 10. Nd3 Nd7 11. Be3 Ne5 12. Nxe5 Bxe5 13. f3 Nf6 14. Ke2 Rd8 15. Na3 Bf5 16. Bf2 h5 17. g3 Rac8 18. Rad1 Rxd1 19. Rxd1 Nd7 20. h4 Nxc5 21. Bxc5 Rxc5 22. Kf2 a6 23. Rd5 Bd6 24. Rxc5 Bxc5+ 25. Ke2 e6 26. Bd3 Bxd3+ 27. Kxd3 Bf2 28. Nc4 Bxg3 29. Ke4 Bxh4 30. Nd6 b6 31. c4 f5+ 32. Kf4 g5+ 33. Ke3 Bg3 34. Nc8 h4 35. Nxb6 h3 0-1

[Event "Blumenau STD op"]
[Site "Blumenau"]
[Date "2018.09.30"]
[Round "6"]
[White "Lanznaster, Joao Vitor"]
[Black "Maciel, Paulo Ricardo"]
[Result "0-1"]
[WhiteElo "1194"]
[BlackElo "1718"]
[PlyCount "58"]
[EventDate "2018.09.28"]
[EventType "swiss"]
[EventRounds "6"]
[EventCountry "BRA"]
[SourceTitle "EXT 2020"]
[Source "ChessBase"]
[SourceDate "2019.10.17"]
[SourceVersion "1"]
[SourceVersionDate "2019.10.17"]
[SourceQuality "1"]

1. e4 e5 2. Nf3 Nf6 3. Nxe5 Nxe4 4. Qe2 d5 5. d3 Qd6 6. Nxf7 Kxf7 7. dxe4 Qb4+ 8. Nc3 d4 9. Qc4+ Be6 10. Qxb4 Bxb4 11. a3 Bxc3+ 12. bxc3 dxc3 13. Rb1 b6 14. Bf4 Nc6 15. Bxc7 Rac8 16. Bg3 Rhd8 17. Bd3 Nd4 18. 0-0 Ba2 19. Rbe1 b5 20. Be5 Bc4 21. Bxd4 Bxd3 22. cxd3 Rxd4 23. Re3 c2 24. Rc1 a5 25. h3 b4 26. axb4 axb4 27. Re2 b3 28. f4 Rxd3 29. f5 b2 0-1

[Event "Caioba Telecom op"]
[Site "Caioba"]
[Date "2018.08.03"]
[Round "6"]
[White "Lanznaster, Joao Vitor"]
[Black "Dutra, Liliam Guedes"]
[Result "0-1"]
[WhiteElo "1185"]
[BlackElo "1518"]
[PlyCount "122"]
[EventDate "2018.08.01"]
[EventType "swiss"]
[EventRounds "9"]
[EventCountry "BRA"]
[SourceTitle "CBM 186 Extra"]
[Source "ChessBase"]
[SourceDate "2018.08.24"]
[SourceVersion "1"]
[SourceVersionDate "2018.08.24"]
[SourceQuality "1"]

1. e4 c5 2. Nf3 Nc6 3. d4 cxd4 4. Nxd4 d6 5. Nc3 Nf6 6. Bg5 a6 7. Bd3 Nxd4 8. Bxa6 Nc6 9. Bb5 Qa5 10. Bd2 Bd7 11. Nd5 Qd8 12. Nxf6+ gxf6 13. Bc4 Ne5 14. Bb3 e6 15. Bb4 Qc7 16. 0-0 Rg8 17. Bc3 Bb5 18. Re1 Be7 19. Qh5 Bc4 20. Bxc4 Nxc4 21. Qxh7 Kd7 22. Qxf7 Ne5 23. Bxe5 fxe5 24. c3 Raf8 25. Qh5 Qb6 26. Qe2 Bh4 27. Rf1 Rf7 28. Kh1 Bxf2 29. Rad1 Rgf8 30. Qh5 Qc5 31. Rd3 Qb5 32. Qe2 Qc5 33. Rf3 Rxf3 34. gxf3 Be3 35. Re1 Bf4 36. Qg2 Qc8 37. Qg7+ Kc6 38. Rd1 Qd8 39. Qg6 Rh8 40. Qxe6 Rxh2+ 41. Kg1 Qg5+ 42. Qg4 Rxb2 43. Kf1 Qxg4 44. fxg4 Rxa2 45. Rd3 Rd2 46. Rh3 b5 47. Rh8 Rh2 48. Rg8 Rc2 49. g5 Bxg5 50. Rxg5 Rxc3 51. Ke2 b4 52. Rg1 Kb5 53. Kd2 Rc5 54. Rb1 Rc4 55. Kd3 Rc3+ 56. Kd2 Kc4 57. Rb2 b3 58. Rb1 Kd4 59. Re1 Rc2+ 60. Kd1 Ra2 61. Kc1 Ra1+ 0-1

[Event "BRA-ch U12"]
[Site "Florianopolis"]
[Date "2018.04.28"]
[Round "2"]
[White "Luz, Christian Oliveira"]
[Black "Lanznaster, Joao Vitor"]
[Result "0-1"]
[WhiteElo "1223"]
[BlackElo "1735"]
[PlyCount "32"]
[EventDate "2018.04.28"]
[EventType "swiss"]
[EventRounds "6"]
[EventCountry "BRA"]
[SourceTitle "EXT 2021"]
[Source "ChessBase"]
[SourceDate "2020.10.23"]
[SourceVersion "1"]
[SourceVersionDate "2020.10.23"]
[SourceQuality "1"]

1. d4 e6 2. c4 Nf6 3. e3 d5 4. Nf3 Nc6 5. Nc3 Bb4 6. Bd3 Bxc3+ 7. bxc3 0-0 8. cxd5 exd5 9. c4 Bg4 10. 0-0 Ne4 11. Bb2 Bxf3 12. Qxf3 Nd2 13. Qh3 g6 14. Rfc1 dxc4 15. Bxc4 Nxc4 16. Rxc4 Qd5 0-1